[Event "CHN-Tch"]
[Site "CHN"]
[Date "2010.04.16"]
[Round "1"]
[White "Yang, Kaiqi"]
[Black "Li Chao2"]
[Result "0-1"]
[WhiteElo "2396"]
[BlackElo "2613"]
[PlyCount "116"]
[EventDate "2010.05.23"]
[EventType "team"]
[EventRounds "18"]
[EventCountry "CHN"]
[Source "Mark Crowther"]
[SourceDate "2010.09.13"]

1. e4 g6 2. d4 Bg7 3. Nf3 d6 4. Nc3 a6 5. Be3 Nf6 6. Bd3 O-O 7. Qd2 Bg4 8. Bh6
Re8 9. Bxg7 Kxg7 10. Qf4 e5 11. dxe5 dxe5 12. Qe3 Nc6 13. O-O Bxf3 14. Qxf3 Nd4
15. Qd1 Qd6 16. Ne2 Ne6 17. Qc1 Nc5 18. Rd1 Rad8 19. f3 Qb6 20. Qe3 Re6 21. Rd2
Qxb2 22. Rad1 Qb6 23. Nc1 Rd4 24. c3 Rd7 25. Bc4 Rxd2 26. Rxd2 Rd6 27. Rxd6
Qxd6 28. h3 Nfd7 29. Kh2 b5 30. Be2 c6 31. Nb3 Nxb3 32. axb3 Nc5 33. b4 Na4 34.
h4 h6 35. h5 g5 36. Bf1 c5 37. Qe1 cxb4 38. cxb4 Qd4 39. Qg3 Nc3 40. Qg4 Na2
41. Qf5 Qd6 42. f4 gxf4 43. Qg4+ Kf8 44. Qc8+ Ke7 45. Be2 Nxb4 46. Bg4 Nd3 47.
Bf5 b4 48. Bg4 Nc5 49. Be2 a5 50. Bc4 Ne6 51. Qb7+ Kf6 52. Bb3 Kg7 53. Qa7 Qc7
54. Qa6 Ng5 55. Bd5 Qc3 56. Qd6 Qg3+ 57. Kh1 f3 58. gxf3 Nxf3 0-1

[Event "CHN-Tch"]
[Site "CHN"]
[Date "2010.06.07"]
[Round "4"]
[White "Malakhov, Vladimir"]
[Black "Yang, Kaiqi"]
[Result "1-0"]
[WhiteElo "2721"]
[BlackElo "2396"]
[PlyCount "77"]
[EventDate "2010.05.23"]
[EventType "team"]
[EventRounds "18"]
[EventCountry "CHN"]
[Source "Mark Crowther"]
[SourceDate "2010.06.07"]

1. e4 c5 2. Nf3 Nc6 3. Bb5 d6 4. O-O Bd7 5. Re1 Nf6 6. c3 a6 7. Ba4 b5 8. Bc2
e5 9. h3 Be7 10. d4 O-O 11. d5 Na5 12. Nbd2 Qc7 13. b3 Rfb8 14. Nf1 c4 15. b4
Nb7 16. N3h2 a5 17. Qf3 Bf8 18. Ng3 Nd8 19. Nf5 Bxf5 20. exf5 Qb7 21. Rd1 Be7
22. g4 h6 23. h4 Nh7 24. Qh3 f6 25. Nf3 Qd7 26. a3 Nf7 27. Rb1 Rb7 28. Nd2 Bd8
29. Ne4 Bb6 30. Kg2 Bd8 31. Qf3 Be7 32. Rb2 Rba7 33. Be3 Ra6 34. Rdb1 Qb7 35.
bxa5 Rxa5 36. a4 Qc7 37. Rxb5 Rxb5 38. Rxb5 Rb8 39. Qe2 1-0

[Event "CHN-Tch"]
[Site "CHN"]
[Date "2010.07.24"]
[Round "7"]
[White "Ni Hua"]
[Black "Yang, Kaiqi"]
[Result "1-0"]
[WhiteElo "2667"]
[BlackElo "2396"]
[PlyCount "81"]
[EventDate "2010.05.23"]
[EventType "team"]
[EventRounds "18"]
[EventCountry "CHN"]
[Source "Mark Crowther"]
[SourceDate "2010.09.13"]

1. Nf3 Nf6 2. c4 b6 3. Nc3 Bb7 4. d4 e6 5. Bg5 Bb4 6. Nd2 h6 7. Bh4 c5 8. d5
Bxc3 9. bxc3 exd5 10. cxd5 Bxd5 11. e4 Bb7 12. e5 g5 13. Bg3 Qe7 14. Be2 Ne4
15. Nxe4 Bxe4 16. O-O Bb7 17. f4 Nc6 18. fxg5 O-O-O 19. Rf5 Rdg8 20. Bc4 Nd8
21. Qa4 Rxg5 22. Raf1 Rxf5 23. Rxf5 h5 24. Qxa7 h4 25. Bf4 Rg8 26. Bd5 Rg4 27.
Bxb7+ Nxb7 28. Qxb6 Qe6 29. Qxe6 fxe6 30. Rf8+ Kc7 31. h3 Rg7 32. Rh8 Kc6 33.
Rxh4 Rg8 34. Rh7 c4 35. Be3 Ra8 36. h4 Rxa2 37. h5 Re2 38. Bf4 Nc5 39. h6 Nd3
40. Bg3 Nxe5 41. Rg7 1-0

[Event "CHN-Tch"]
[Site "CHN"]
[Date "2010.07.25"]
[Round "8"]
[White "Yang, Kaiqi"]
[Black "Liang Chong"]
[Result "0-1"]
[WhiteElo "2396"]
[BlackElo "2502"]
[PlyCount "90"]
[EventDate "2010.05.23"]
[EventType "team"]
[EventRounds "18"]
[EventCountry "CHN"]
[Source "Mark Crowther"]
[SourceDate "2010.09.13"]

1. Nf3 Nf6 2. c4 e6 3. Nc3 d5 4. d4 c6 5. Bg5 h6 6. Bxf6 Qxf6 7. e3 g6 8. Bd3
Bg7 9. O-O O-O 10. e4 dxc4 11. e5 Qe7 12. Bxc4 Nd7 13. Qe2 b6 14. Rfe1 Rb8 15.
Ba6 b5 16. Bxc8 Rfxc8 17. Rac1 a6 18. Ne4 c5 19. Nd6 Rc7 20. Qd2 Qd8 21. Qf4
Qe7 22. h4 c4 23. h5 g5 24. Qd2 Nb6 25. b3 Nc8 26. Ne4 Nb6 27. Nc5 Ra7 28. Nh2
Rd8 29. Qa5 Na8 30. bxc4 Rxd4 31. cxb5 axb5 32. Qxb5 Rxa2 33. Na6 Bf8 34. Rc8
Qa7 35. Nc5 Nb6 36. Re8 Ra1 37. Rxa1 Qxa1+ 38. Nf1 Rd1 39. Ne4 Nd5 40. Qb8
Rxf1+ 41. Kh2 Rh1+ 42. Kg3 Kg7 43. Rd8 Qa3+ 44. f3 Qb4 45. Nf6 Qh4# 0-1

[Event "CHN-Tch"]
[Site "CHN"]
[Date "2010.09.10"]
[Round "10"]
[White "Li Chao2"]
[Black "Yang, Kaiqi"]
[Result "1-0"]
[WhiteElo "2613"]
[BlackElo "2396"]
[PlyCount "85"]
[EventDate "2010.05.23"]
[EventType "team"]
[EventRounds "18"]
[EventCountry "CHN"]
[Source "Mark Crowther"]
[SourceDate "2010.09.13"]

1. d4 Nf6 2. c4 e6 3. Nf3 b6 4. g3 Bb7 5. Bg2 Be7 6. O-O O-O 7. Nc3 Ne4 8. Qc2
Nxc3 9. Qxc3 c5 10. Bf4 d6 11. Rfd1 cxd4 12. Nxd4 Bxg2 13. Kxg2 e5 14. Nf5 Qd7
15. e4 Qe6 16. h4 Nd7 17. b3 Rfc8 18. Bc1 b5 19. Ba3 Nc5 20. Rd5 Nxe4 21. Qf3
Nc5 22. Bxc5 dxc5 23. Re1 Bf8 24. Rexe5 Qc6 25. Ne7+ Bxe7 26. Rxe7 Rf8 27. cxb5
Qxb5 28. Rdd7 c4 29. bxc4 Qxc4 30. Rxf7 Rxf7 31. Qxa8+ Rf8 32. Rd8 Rxd8 33.
Qxd8+ Kf7 34. Qd7+ Kf6 35. Qxa7 Qe4+ 36. Kh2 Qc2 37. a4 h6 38. a5 g5 39. hxg5+
hxg5 40. a6 Kg6 41. Qb6+ Kh5 42. a7 Qe4 43. Qb8 1-0

[Event "CHN-Tch"]
[Site "CHN"]
[Date "2010.09.11"]
[Round "11"]
[White "Yang, Kaiqi"]
[Black "Wan, Yunguo"]
[Result "0-1"]
[WhiteElo "2396"]
[BlackElo "2424"]
[PlyCount "45"]
[EventDate "2010.05.23"]
[EventType "team"]
[EventRounds "18"]
[EventCountry "CHN"]
[Source "Mark Crowther"]
[SourceDate "2010.09.13"]

1. c4 Nf6 2. Nc3 g6 3. e4 d6 4. d4 Bg7 5. Nf3 O-O 6. h3 e5 7. d5 Na6 8. Bg5 c6
9. Be2 Nc5 10. b4 Na6 11. a3 c5 12. Rb1 Bd7 13. Nd2 b6 14. Nb5 h6 15. Bh4 Qe7
16. Qa4 Nc7 17. bxc5 dxc5 18. O-O a6 19. Nd6 Qxd6 20. Rb2 Rab8 21. Ra1 a5 22.
Nb1 Nfe8 23. Nc3 0-1

[Event "CHN-Tch"]
[Site "CHN"]
[Date "2010.09.12"]
[Round "12"]
[White "Yang, Kaiqi"]
[Black "Bu Xiangzhi"]
[Result "1/2-1/2"]
[WhiteElo "2396"]
[BlackElo "2682"]
[PlyCount "70"]
[EventDate "2010.05.23"]
[EventType "team"]
[EventRounds "18"]
[EventCountry "CHN"]
[Source "Mark Crowther"]
[SourceDate "2010.09.13"]

1. d4 d5 2. c4 c6 3. Nf3 Nf6 4. Qc2 dxc4 5. Qxc4 Bg4 6. Nbd2 Nbd7 7. g3 e6 8.
Bg2 Bd6 9. Qb3 Rb8 10. Nc4 Bc7 11. Bd2 Bxf3 12. Bxf3 Nb6 13. e3 Nxc4 14. Qxc4
O-O 15. Rd1 Qe7 16. O-O Rfd8 17. Kg2 Nd5 18. Bc1 Rd7 19. b3 Rbd8 20. Bb2 Qg5
21. Qc2 h5 22. Qe4 Nf6 23. h4 Qa5 24. Qc2 Qb4 25. Qc5 Qa5 26. Qxa5 Bxa5 27. Rc1
Nd5 28. Rc4 g6 29. a3 Bc7 30. Rfc1 f5 31. R4c2 Kf7 32. Re1 Bb6 33. Rec1 a6 34.
Re1 Ba5 35. Rec1 Bb6 1/2-1/2

[Event "CHN-Tch"]
[Site "CHN"]
[Date "2010.10.14"]
[Round "14"]
[White "Zhou Weiqi"]
[Black "Yang, Kaiqi"]
[Result "1-0"]
[WhiteElo "2584"]
[BlackElo "2396"]
[PlyCount "87"]
[EventDate "2010.05.23"]
[EventType "team"]
[EventRounds "18"]
[EventCountry "CHN"]
[Source "Mark Crowther"]
[SourceDate "2010.10.18"]

1. d4 Nf6 2. c4 e6 3. Nf3 Bb4+ 4. Bd2 Bxd2+ 5. Qxd2 d5 6. g3 Nbd7 7. Bg2 c6 8.
O-O O-O 9. Rc1 Re8 10. Na3 Qe7 11. e3 a6 12. Rc2 e5 13. cxd5 cxd5 14. dxe5 Nxe5
15. Nd4 Bd7 16. Rac1 Nc6 17. Nxc6 Bxc6 18. Qd4 Ne4 19. Nb1 Rad8 20. Nd2 Rd6 21.
Nb3 h5 22. Na5 Qd7 23. Qa7 d4 24. exd4 Rxd4 25. Nxc6 Rd1+ 26. Bf1 Ng5 27. Nd4
Rxd4 28. Qc5 Nf3+ 29. Kh1 Rd1 30. Rxd1 Qxd1 31. Rc1 Qd2 32. Qc2 Rd8 33. Qxd2
Rxd2 34. Kg2 Ne5 35. Re1 f6 36. Re2 Rxe2 37. Bxe2 g6 38. f4 Nc6 39. Bf3 Nd8 40.
f5 h4 41. gxh4 gxf5 42. Bd5+ Kg7 43. Kf3 a5 44. Kf4 1-0

[Event "CHN-Tch"]
[Site "CHN"]
[Date "2010.11.02"]
[Round "16"]
[White "Yang, Kaiqi"]
[Black "Ni Hua"]
[Result "0-1"]
[WhiteElo "2396"]
[BlackElo "2667"]
[PlyCount "56"]
[EventDate "2010.05.23"]
[EventType "team"]
[EventRounds "18"]
[EventCountry "CHN"]
[Source "Mark Crowther"]
[SourceDate "2010.11.08"]
[WhiteTeam "BEIJING Rendafuzhong"]
[BlackTeam "SHANGHAI Jianqiao"]

1. d4 Nf6 2. c4 e6 3. Nc3 Bb4 4. Qc2 O-O 5. a3 Bxc3+ 6. Qxc3 b6 7. Bg5 Ba6 8.
Nf3 d6 9. e3 Nbd7 10. Qc2 c5 11. Rd1 cxd4 12. Rxd4 Qc7 13. Bxf6 Nxf6 14. Qa4
Bb7 15. Be2 Ne4 16. O-O f5 17. Rdd1 e5 18. Nd2 Ng5 19. Nb1 f4 20. exf4 Ne6 21.
Rfe1 Nxf4 22. Bf1 Rf6 23. Re3 Raf8 24. Nc3 Qf7 25. f3 Qg6 26. Kh1 Nh3 27. Nd5
Bxd5 28. Rxd5 Qb1 0-1

[Event "CHN-Tch"]
[Site "CHN"]
[Date "2010.11.03"]
[Round "17"]
[White "Yu Shaoteng"]
[Black "Yang, Kaiqi"]
[Result "1/2-1/2"]
[WhiteElo "2529"]
[BlackElo "2396"]
[PlyCount "73"]
[EventDate "2010.05.23"]
[EventType "team"]
[EventRounds "18"]
[EventCountry "CHN"]
[Source "Mark Crowther"]
[SourceDate "2010.11.08"]
[WhiteTeam "GUANGDONG Huateng"]
[BlackTeam "BEIJING Rendafuzhong"]

1. e4 c6 2. d4 d5 3. exd5 cxd5 4. c3 Nc6 5. Bf4 Nf6 6. Bd3 Bg4 7. Qb3 Qd7 8.
Nd2 e6 9. Ngf3 Bxf3 10. Nxf3 Bd6 11. Bxd6 Qxd6 12. O-O Rb8 13. Rae1 O-O 14. Ne5
b5 15. Qd1 b4 16. Re3 bxc3 17. bxc3 Qc7 18. f4 Ne7 19. Rh3 Ne4 20. Bxe4 dxe4
21. Qh5 h6 22. Ng4 Nf5 23. Nf6+ gxf6 24. g4 Kh8 25. gxf5 Rg8+ 26. Kh1 Qxf4 27.
Qe2 Rb2 28. Qe1 Qg5 29. Rg3 Qh5 30. Rxg8+ Kxg8 31. Qg3+ Kh7 32. fxe6 fxe6 33.
Qc7+ Kg6 34. Rg1+ Kf5 35. Rf1+ Kg6 36. Rg1+ Kf5 37. Rf1+ 1/2-1/2

[Event "Asian Continental"]
[Site "Subic PHI"]
[Date "2010.04.21"]
[Round "1.14"]
[White "Antonio, Rogelio Jr"]
[Black "Yang, Kaiqi"]
[Result "1-0"]
[WhiteElo "2572"]
[BlackElo "2396"]
[PlyCount "103"]
[EventDate "2010.04.21"]
[EventType "swiss"]
[EventRounds "9"]
[EventCountry "PHI"]

1. e4 c5 2. Nf3 e6 3. c3 b6 4. d4 Bb7 5. Bd3 Nf6 6. Qe2 cxd4 7. cxd4 Nc6 8. a3
Be7 9. Nc3 Na5 10. Bf4 O-O 11. O-O d6 12. b4 Rc8 13. Nb5 Nc6 14. Rac1 Re8 15.
Rfd1 Nh5 16. Be3 a6 17. d5 exd5 18. exd5 Nb8 19. Rxc8 Bxc8 20. Na7 Bf6 21. Qc2
Bg4 22. Nc6 Qd7 23. Bxh7+ Kh8 24. Be4 Nxc6 25. dxc6 Qe7 26. h3 Bc8 27. Bf5 g6
28. Bxc8 Rxc8 29. Bxb6 d5 30. Be3 Qd6 31. Qd2 Qxc6 32. Qxd5 Qe8 33. Qd7 Bb2 34.
Qxe8+ Rxe8 35. Bd4+ Bxd4 36. Rxd4 Re6 37. g4 Nf6 38. Ng5 Re1+ 39. Kg2 Kg7 40.
a4 Re5 41. h4 Re2 42. Kg3 Ra2 43. a5 Ra3+ 44. f3 Rb3 45. Rd6 Rxb4 46. Rxa6 Nh7
47. Nxh7 Kxh7 48. Rb6 Rd4 49. a6 Kg7 50. g5 Rd8 51. f4 Ra8 52. Kg4 1-0

[Event "Asian Continental"]
[Site "Subic PHI"]
[Date "2010.04.22"]
[Round "3.24"]
[White "Al Sayed, Mohamad Naser"]
[Black "Yang, Kaiqi"]
[Result "0-1"]
[WhiteElo "2503"]
[BlackElo "2396"]
[PlyCount "45"]
[EventDate "2010.04.21"]
[EventType "swiss"]
[EventRounds "9"]
[EventCountry "PHI"]

1. d4 Nf6 2. c4 g6 3. Nc3 d5 4. Bg5 Ne4 5. Bh4 Nxc3 6. bxc3 dxc4 7. e3 Be6 8.
Nf3 Bg7 9. Be2 c6 10. a4 O-O 11. O-O h6 12. Nd2 c5 13. Rb1 cxd4 14. cxd4 Nc6
15. Rxb7 Rc8 16. Ne4 g5 17. Bg3 Bd5 18. Qb1 c3 19. Nc5 c2 20. Qc1 Nxd4 21. exd4
Bxb7 22. Nxb7 Qxd4 23. Na5 0-1

[Event "Asian Continental"]
[Site "Subic PHI"]
[Date "2010.04.25"]
[Round "5.3"]
[White "Ni Hua"]
[Black "Yang, Kaiqi"]
[Result "1-0"]
[WhiteElo "2667"]
[BlackElo "2396"]
[PlyCount "91"]
[EventDate "2010.04.21"]
[EventType "swiss"]
[EventRounds "9"]
[EventCountry "PHI"]

1. Nf3 Nf6 2. c4 g6 3. Nc3 Bg7 4. g3 O-O 5. Bg2 d5 6. cxd5 Nxd5 7. O-O Nc6 8.
d4 Bf5 9. e3 Nxc3 10. bxc3 Be4 11. a4 Na5 12. Ba3 Nc4 13. Nd2 Bxg2 14. Kxg2
Nxa3 15. Rxa3 c5 16. Qf3 b6 17. a5 cxd4 18. cxd4 bxa5 19. Nc4 Rc8 20. Nxa5 Qd6
21. Ra4 Qd7 22. Rb4 Rb8 23. Rfb1 Rxb4 24. Rxb4 Qc7 25. Nc6 a6 26. Ra4 Qb7 27.
Nb4 Qb5 28. Qc6 Rb8 29. Qxa6 Qxa6 30. Nxa6 Rb2 31. Nc5 h5 32. Ra8+ Kh7 33. Ra7
Bf6 34. Ne4 Kg7 35. d5 Rb8 36. Rd7 Re8 37. f4 Bb2 38. Ra7 Kf8 39. Kf3 Rd8 40.
d6 exd6 41. Ng5 d5 42. Rxf7+ Kg8 43. Rb7 Bf6 44. Rb6 d4 45. Rxf6 d3 46. Rxg6+
1-0

[Event "Asian Continental"]
[Site "Subic PHI"]
[Date "2010.04.26"]
[Round "6.19"]
[White "Yang, Kaiqi"]
[Black "Toufighi, Homayoon"]
[Result "1-0"]
[WhiteElo "2396"]
[BlackElo "2491"]
[PlyCount "142"]
[EventDate "2010.04.21"]
[EventType "swiss"]
[EventRounds "9"]
[EventCountry "PHI"]

1. Nf3 Nf6 2. c4 g6 3. Nc3 Bg7 4. e4 d6 5. d4 O-O 6. Be2 e5 7. Be3 Nc6 8. d5
Ne7 9. Nd2 Ne8 10. c5 f5 11. f3 f4 12. Bf2 g5 13. Nc4 Ng6 14. a4 h5 15. a5 Nh4
16. Bf1 g4 17. Qd3 Bd7 18. O-O-O Rf7 19. Kb1 Ng6 20. Be2 Qg5 21. Qd2 Bf8 22. h4
gxh3 23. gxh3 Kh7 24. Rdg1 Qh6 25. h4 Be7 26. Bf1 Qf8 27. Bh3 Bxh3 28. Rxh3 Bf6
29. a6 bxa6 30. c6 Rg7 31. Na5 Nh8 32. Rxg7+ Qxg7 33. Rh2 Ng6 34. Qe1 Qe7 35.
Na2 Ng7 36. Nb4 Kh6 37. Nxa6 Rg8 38. Ka2 Ne8 39. Nc4 Qf7 40. Na5 Ne7 41. Nb4
Rg7 42. Qf1 Qg8 43. Qh3 Rg3 44. Bxg3 Qxg3 45. Rh1 Qxh3 46. Rxh3 Ng6 47. Nc4
Bxh4 48. Na6 Bd8 49. Kb3 Nf8 50. Kc2 Nh7 51. Nd2 h4 52. Rh1 Kh5 53. Nf1 Ng5 54.
Nh2 h3 55. Kd3 Nf6 56. Nb8 Kh4 57. Rg1 Kh5 58. Nd7 Nxd7 59. cxd7 Kg6 60. Ke2
Kf7 61. b4 Bf6 62. Ng4 Bd8 63. Nh6+ Kg6 64. Nf5 a6 65. Ra1 Nh7 66. Rxa6 Nf6 67.
Ra1 Nxd7 68. Rh1 Bf6 69. Rxh3 Bd8 70. Rh6+ Kg5 71. Rh8 Be7 1-0

[Event "Asian Continental"]
[Site "Subic PHI"]
[Date "2010.04.27"]
[Round "7.12"]
[White "Harikrishna, Penteala"]
[Black "Yang, Kaiqi"]
[Result "1-0"]
[WhiteElo "2660"]
[BlackElo "2396"]
[PlyCount "87"]
[EventDate "2010.04.21"]
[EventType "swiss"]
[EventRounds "9"]
[EventCountry "PHI"]

1. d4 Nf6 2. c4 g6 3. g3 Bg7 4. Bg2 O-O 5. Nc3 c6 6. e4 d6 7. Nf3 Qa5 8. O-O
Na6 9. h3 Be6 10. Qe2 Nc7 11. Bf4 Rac8 12. Rac1 Rfe8 13. Rfe1 b5 14. b3 bxc4
15. bxc4 Qb4 16. Bf1 h6 17. Qd2 Kh7 18. e5 Nh5 19. Be3 f5 20. exf6 Nxf6 21. Bd3
Bf7 22. Qc2 Ne6 23. Bd2 Qb7 24. Ne2 Nd7 25. h4 Nf6 26. g4 Nf8 27. g5 Nh5 28.
gxh6 Bxh6 29. Bxh6 Kxh6 30. Ng3 Nf6 31. h5 Qd7 32. hxg6 Bxg6 33. Kg2 e6 34.
Rh1+ Kg7 35. Rcg1 Bxd3 36. Qxd3 Kf7 37. Rh6 Ke7 38. Rc1 Ng8 39. Rh8 Nf6 40. Ng5
c5 41. Nf5+ Kd8 42. Rxf8 exf5 43. Rxe8+ Nxe8 44. Ne6+ 1-0

[Event "Asian Continental"]
[Site "Subic PHI"]
[Date "2010.04.28"]
[Round "8.17"]
[White "Yang, Kaiqi"]
[Black "Dao Thien Hai"]
[Result "1/2-1/2"]
[WhiteElo "2396"]
[BlackElo "2523"]
[PlyCount "147"]
[EventDate "2010.04.21"]
[EventType "swiss"]
[EventRounds "9"]
[EventCountry "PHI"]

1. e4 c5 2. Nf3 d6 3. d4 cxd4 4. Qxd4 Nc6 5. Bb5 Bd7 6. Bxc6 Bxc6 7. c4 f5 8.
exf5 Qa5+ 9. b4 Qxf5 10. Nbd2 e5 11. Qe3 Nf6 12. O-O Be7 13. Bb2 O-O 14. c5
dxc5 15. Nxe5 Nd5 16. Qb3 cxb4 17. Ndf3 Kh8 18. Nd4 Qxe5 19. Nxc6 Qf4 20. Be5
Qf7 21. Nxe7 Nxe7 22. Bd6 Qxb3 23. axb3 Rf7 24. Bxb4 Nc6 25. Bc3 a6 26. Rad1
Re8 27. Rd2 Rfe7 28. g3 Kg8 29. Kg2 Re2 30. Rd7 R8e7 31. Rfd1 Kf7 32. h4 g6 33.
R7d6 R7e6 34. Rd7+ Re7 35. R7d6 R7e6 36. R1d3 Rxd6 37. Rxd6 Ke7 38. Rd3 Ke6 39.
Kf1 Rc2 40. g4 Rc1+ 41. Kg2 Rb1 42. Bh8 Na5 43. Re3+ Kf7 44. Rc3 Nc6 45. h5
gxh5 46. gxh5 Rd1 47. Rf3+ Ke7 48. h6 Rd6 49. Bg7 Rg6+ 50. Kf1 Nd8 51. Rd3 Re6
52. Rh3 Nf7 53. f4 Nd6 54. Kf2 Nf5 55. Rh5 Nxg7 56. hxg7 Kf7 57. Rxh7 Kg8 58.
Rh3 Kxg7 59. Kf3 a5 60. Kg4 b5 61. Rc3 Kf6 62. Rc5 Rb6 63. Rh5 Kg7 64. Rc5 Kf6
65. Rf5+ Kg6 66. Rf8 Ra6 67. f5+ Kg7 68. Rb8 a4 69. bxa4 bxa4 70. Rb2 a3 71.
Ra2 Kf6 72. Kf4 Ra4+ 73. Ke3 Kxf5 74. Kd3 1/2-1/2

[Event "Asian Continental"]
[Site "Subic PHI"]
[Date "2010.04.29"]
[Round "9.15"]
[White "Zhang Zhong"]
[Black "Yang, Kaiqi"]
[Result "1-0"]
[WhiteElo "2603"]
[BlackElo "2396"]
[PlyCount "91"]
[EventDate "2010.04.21"]
[EventType "swiss"]
[EventRounds "9"]
[EventCountry "PHI"]

1. c4 e6 2. Nf3 d5 3. d4 c5 4. cxd5 exd5 5. g3 Nc6 6. Bg2 Nf6 7. O-O Be7 8. Nc3
O-O 9. dxc5 Bxc5 10. b3 Re8 11. Bb2 Bg4 12. Rc1 Bf8 13. a3 Qd7 14. Nb5 Ne4 15.
Nbd4 Rac8 16. Re1 Bc5 17. Qd3 a5 18. e3 Bh3 19. Bh1 Qe7 20. a4 Nb4 21. Qb5 Na2
22. Ra1 Nac3 23. Bxc3 Nxc3 24. Qd3 Ne4 25. Bg2 Bxg2 26. Kxg2 Qf6 27. Rf1 h5 28.
Rad1 Rcd8 29. h4 g6 30. Ng1 Ba7 31. Nge2 Bb8 32. Qb5 g5 33. hxg5 Qxg5 34. Nf3
Qf5 35. Qxa5 Rd6 36. Nf4 Red8 37. Rh1 Nf6 38. Qb5 R8d7 39. Qd3 Qe4 40. Nxh5 Ng4
41. Rh4 Kf8 42. Rxg4 Qxg4 43. Nf6 Qe6 44. Nxd7+ Rxd7 45. Qd4 Qf5 46. Qh8+ 1-0

[Event "CHN-Tch1"]
[Site "Ningbo CHN"]
[Date "2010.04.18"]
[Round "3"]
[White "Yang, Kaiqi"]
[Black "Zhao Jun"]
[Result "1/2-1/2"]
[WhiteElo "2396"]
[BlackElo "2575"]
[PlyCount "89"]
[EventDate "2010.04.16"]
[EventType "team"]
[EventRounds "18"]
[EventCountry "CHN"]
[Source "Mark Crowther"]
[SourceDate "2010.04.19"]

1. e4 c5 2. Nf3 Nc6 3. Nc3 Nf6 4. d4 cxd4 5. Nxd4 e5 6. Ndb5 d6 7. Bg5 a6 8.
Na3 b5 9. Nd5 Be7 10. Bxf6 Bxf6 11. c3 Bg5 12. Nc2 Ne7 13. h4 Bh6 14. a4 bxa4
15. Ncb4 O-O 16. Qxa4 a5 17. Bb5 Nxd5 18. Nxd5 Be6 19. Bc6 Rb8 20. b4 axb4 21.
cxb4 Bxd5 22. Bxd5 Qb6 23. O-O Qxb4 24. Qxb4 Rxb4 25. Ra6 Rbb8 26. Rxd6 Kh8 27.
Ra1 f6 28. g3 Rbd8 29. Re6 Rde8 30. Rea6 Bd2 31. Ra7 Bc3 32. Rc1 Bd4 33. Rac7
Rb8 34. R1c2 Bb6 35. R7c6 h5 36. Kg2 Kh7 37. g4 hxg4 38. Kg3 Bd4 39. Kxg4 Rb1
40. Rc7 Rg1+ 41. Kh3 Rb8 42. Rb7 Rxb7 43. Bxb7 Rb1 44. Bc8 Rb2 45. Rxb2 1/2-1/2

[Event "XingQiu op"]
[Site "Lishui CHN"]
[Date "2009.09.19"]
[Round "3"]
[White "Wen, Yang"]
[Black "Yang, Kaiqi"]
[Result "1-0"]
[WhiteElo "2538"]
[BlackElo "2397"]
[PlyCount "99"]
[EventDate "2009.09.17"]
[EventType "swiss"]
[EventRounds "9"]
[EventCountry "CHN"]
[Source "Mark Crowther"]
[SourceDate "2009.09.28"]

1. e4 c5 2. Nf3 d6 3. d4 cxd4 4. Qxd4 a6 5. c4 Nc6 6. Qe3 Bg4 7. Be2 g6 8. O-O
Bg7 9. Nc3 Nf6 10. Rb1 O-O 11. h3 Bxf3 12. Bxf3 Rb8 13. Be2 Nd7 14. Rd1 Qa5 15.
Bd2 Qc5 16. Na4 Qxe3 17. Bxe3 Rfc8 18. Rbc1 Kf8 19. b3 h5 20. Nc3 Nc5 21. f3
Ne6 22. Nd5 Ned4 23. Bf1 b5 24. Kf2 e6 25. Nc3 b4 26. Na4 a5 27. c5 d5 28. exd5
exd5 29. Bf4 Nf5 30. Nb6 Kg8 31. Nxc8 Rxc8 32. Ba6 Re8 33. Re1 Rd8 34. g4 hxg4
35. hxg4 Nfd4 36. Bb7 Bf6 37. Kg2 g5 38. Bd6 Kg7 39. Rcd1 Na7 40. Be7 Bxe7 41.
Rxe7 Ne6 42. Bxd5 Nc6 43. Bxe6 Rxd1 44. Rxf7+ Kg6 45. Rd7 Nd4 46. Bf5+ Kf6 47.
c6 Rd2+ 48. Kf1 Ke5 49. Rxd4 Rxd4 50. c7 1-0

[Event "XingQiu op"]
[Site "Lishui CHN"]
[Date "2009.09.22"]
[Round "6"]
[White "Yu, Lie"]
[Black "Yang, Kaiqi"]
[Result "1-0"]
[WhiteElo "2328"]
[BlackElo "2397"]
[PlyCount "92"]
[EventDate "2009.09.17"]
[EventType "swiss"]
[EventRounds "9"]
[EventCountry "CHN"]
[Source "Mark Crowther"]
[SourceDate "2009.09.28"]

1. c4 Nf6 2. Nc3 g6 3. Nf3 Bg7 4. g3 O-O 5. Bg2 d5 6. d4 dxc4 7. Ne5 c5 8. d5
Nbd7 9. Nxc4 Nb6 10. Nxb6 Qxb6 11. O-O e6 12. e4 exd5 13. e5 Nd7 14. Nxd5 Qd8
15. f4 Nb6 16. Be3 Be6 17. Nc3 Qe7 18. Ne4 Rfc8 19. Nd6 Rc7 20. Rc1 c4 21. a4
Rd8 22. Qe2 Nxa4 23. Ra1 Nb6 24. Nb5 Rcd7 25. Rxa7 Nd5 26. Bf2 Qb4 27. Nd6 b5
28. Rxd7 Rxd7 29. Rd1 Ne7 30. Ra1 Rd8 31. Bb6 Rb8 32. Ba7 Rd8 33. Qf2 Nf5 34.
Bb6 Rxd6 35. Ra8+ Bf8 36. exd6 Kg7 37. Rxf8 c3 38. Rd8 cxb2 39. Be4 b1=Q+ 40.
Bxb1 Qxb1+ 41. Qf1 Qe4 42. d7 Bd5 43. Rg8+ Kh6 44. Rd8 Kg7 45. Qh3 Nd4 46. g4
Nf5 1-0

[Event "XingQiu op"]
[Site "Lishui CHN"]
[Date "2009.09.25"]
[Round "9"]
[White "Yang, Kaiqi"]
[Black "Li Bo"]
[Result "1/2-1/2"]
[WhiteElo "2397"]
[BlackElo "2335"]
[PlyCount "227"]
[EventDate "2009.09.17"]
[EventType "swiss"]
[EventRounds "9"]
[EventCountry "CHN"]
[Source "Mark Crowther"]
[SourceDate "2009.09.28"]

1. e4 c6 2. d4 d5 3. e5 c5 4. Nf3 cxd4 5. Nxd4 Nc6 6. Bb5 Bd7 7. e6 fxe6 8. O-O
Nxd4 9. Bxd7+ Qxd7 10. Qxd4 Nf6 11. Bg5 g6 12. Nd2 Bg7 13. Rae1 O-O 14. Qe3 e5
15. c4 e6 16. Qh3 Qf7 17. Nf3 Ne4 18. Bh6 Qf5 19. Qxf5 Rxf5 20. Bxg7 Kxg7 21.
Re3 Rc8 22. b3 g5 23. h3 h5 24. Rd1 g4 25. Nh4 Rf4 26. cxd5 exd5 27. Rxd5 Rc1+
28. Kh2 g3+ 29. Rxg3+ Nxg3 30. Kxg3 Rc2 31. f3 Rxa2 32. Rxe5 Rb4 33. Rxh5 Rxb3
34. Kg4 a5 35. Kg5 Kf7 36. g4 a4 37. f4 a3 38. f5 Rb6 39. Ng6 Rf2 40. Rh7+ Ke8
41. Rh8+ Kd7 42. Ne5+ Kc7 43. Rh7+ Kb8 44. Nd7+ Ka7 45. Nxb6 Kxb6 46. Re7 Kc6
47. f6 b5 48. f7 b4 49. Re6+ Kd5 50. Rf6 Rxf6 51. Kxf6 a2 52. f8=Q a1=Q+ 53.
Kg6 Qb1+ 54. Kh6 b3 55. Qf7+ Kd4 56. Qf6+ Kc4 57. Qc6+ Kb4 58. Qd6+ Kc3 59.
Qe5+ Kd2 60. Qf4+ Ke2 61. Qe5+ Kf3 62. Qc3+ Kg2 63. Qd2+ Kxh3 64. Qe3+ Kxg4 65.
Qd4+ Kf3 66. Qd5+ Ke3 67. Qc5+ Kd2 68. Qf2+ Kc3 69. Qc5+ Kb2 70. Qe5+ Kc1 71.
Qe1+ Kc2 72. Qe2+ Kc3 73. Qe5+ Kd2 74. Qf4+ Ke2 75. Qe5+ Kf1 76. Qf4+ Kg2 77.
Qg4+ Kf2 78. Qf4+ Ke2 79. Qe5+ Kd1 80. Qd4+ Kc2 81. Qf2+ Kc3 82. Qc5+ Kd2 83.
Qf2+ Kd1 84. Qf1+ Kc2 85. Qe2+ Kc3 86. Qe5+ Kb4 87. Qd4+ Ka3 88. Qa7+ Kb2 89.
Qd4+ Kc1 90. Qe3+ Kd1 91. Qf3+ Kd2 92. Qf2+ Kc3 93. Qc5+ Kb2 94. Qd4+ Ka3 95.
Qa7+ Kb4 96. Qd4+ Kb5 97. Qd5+ Ka4 98. Qd4+ Ka3 99. Qa7+ Kb2 100. Qd4+ Kc2 101.
Qe4+ Kc1 102. Qe1+ Kb2 103. Qe5+ Ka3 104. Qa5+ Kb2 105. Qe5+ Kc1 106. Qe1+ Kc2
107. Qe4+ Kb2 108. Qd4+ Ka3 109. Qa7+ Kb2 110. Qd4+ Kc1 111. Qe3+ Kd1 112. Qg1+
Kc2 113. Qf2+ Kc1 114. Qe1+ 1/2-1/2

[Event "Subic op"]
[Site "Subic PHI"]
[Date "2009.05.25"]
[Round "1"]
[White "Yang, Kaiqi"]
[Black "Chua Kuang Wen, Aaron"]
[Result "1-0"]
[WhiteElo "2413"]
[BlackElo "2116"]
[PlyCount "59"]
[EventDate "2009.05.25"]
[EventType "swiss"]
[EventRounds "9"]
[EventCountry "PHI"]
[Source "Mark Crowther"]
[SourceDate "2009.06.01"]

1. e4 c5 2. Nc3 Nc6 3. Nf3 e5 4. Bc4 Be7 5. d3 Nf6 6. Nd2 d6 7. Nf1 a6 8. a4
Be6 9. Ne3 Bxc4 10. dxc4 O-O 11. O-O Nd4 12. Qd3 Rb8 13. Rd1 Qd7 14. a5 Rfd8
15. Ncd5 Nxd5 16. Nxd5 Bf8 17. c3 Nb3 18. Ra3 Nxc1 19. Rxc1 Re8 20. b4 Qg4 21.
Qg3 Qxg3 22. hxg3 Rec8 23. b5 f6 24. Rb1 Kf7 25. Rab3 axb5 26. Rxb5 g5 27. a6
b6 28. a7 Ra8 29. Nxb6 g4 30. Nxc8 1-0